000 00335nam a2200145Ia 4500
008 230718s9999 xx 000 0 und d
041 _aEng.
082 _a796.34
_bMIL-C
100 _aMilmo Particle
245 0 _aCatley on libelad
260 _aPakistan
_boffer urinaly Prom
_c2001
300 _a276
650 _aLaw
999 _c26500
_d26500